إسحاق نيوتن / (رقم التسجيلة. 76442)

تفاصيل مارك
000 -LEADER
fixed length control field 00529nam a22001817a 4500
005 - DATE AND TIME OF LATEST TRANSACTION
control field 20251108172330.0
008 - FIXED-LENGTH DATA ELEMENTS--GENERAL INFORMATION
fixed length control field 250721s1979 xx 000 0 ara d
082 14 - DEWEY DECIMAL CLASSIFICATION NUMBER
Classification number ط/925.3/نيو
100 1# - MAIN ENTRY--PERSONAL NAME
Personal name المحامي، محمد كامل
245 10 - TITLE STATEMENT
Title إسحاق نيوتن /
264 1# - PRODUCTION, PUBLICATION, DISTRIBUTION, MANUFACTURE, AND COPYRIGHT NOTICE
Place of production, publication, distribution, manufacture بيروت :
Name of producer, publisher, distributor, manufacturer المكتب العالمي،
Date of production, publication, distribution, manufacture, or copyright notice 1979.
300 ## - PHYSICAL DESCRIPTION
Extent 109ص
490 0# - SERIES STATEMENT
Series statement عباقرة خالدون
650 17 - SUBJECT ADDED ENTRY--TOPICAL TERM
Topical term or geographic name as entry element المشاهير
653 ## - INDEX TERM--UNCONTROLLED
Uncontrolled term ناشئون صغار (10-14) سنوات
942 ## - ADDED ENTRY ELEMENTS (KOHA)
Source of classification or shelving scheme Dewey Decimal Classification
Koha item type كتب
المقتنيات
حالة السحب حالة الفقدان مصدر التصنيف حالة التلف غير قابل للإعارة المكتبة الرئيسية المكتبة الحالية موقع الرف تاريخ التزويد الرقم المتسلسل Total Checkouts رقم الإستدعاء تاريخ آخر ظهور تاريخ الفاتورة نوع المادة (كوها)
    Dewey Decimal Classification Unchecked   مكتبة صويلح العامة مكتبة صويلح العامة الأطفال 12/07/2004 2009   ط/925.3/نيو 28/07/2025 12/07/2004 كتب
Implemented & Customized by: BBB with SCIT (Smart Chains for Information Technology)

Powered by Koha